Geography by Region-Hispaniola - Statistics

General Stats
  • This quiz has been taken 12 times
  • The average score is 5 of 7
Answer Stats
Hint Answer % Correct
Country on the east Dominican Republic
100%
Country on the west Haiti
100%
Capital of #1 Port Au Prince
91%
Capital of #2 Santo Domingo
91%
American island close to #2 Puerto Rico
82%
Famous resort of #2 Punta Cana
45%
City in #1(Has the country name in it) Cap Haitien
18%
No matching quizzes found
Score Distribution
Percent of People with Each Score
Percentile by Number Answered
Your Score History
You have not taken this quiz